| 000 | 00378nam a2200133 a 4500 | ||
|---|---|---|---|
| 005 | 20140412111416.0 | ||
| 008 | 070725s19uu xx 00 eng d | ||
| 050 |
_aTR(PS E _bM74 1990 |
||
| 100 | _aMoncure, Jane | ||
| 245 |
_aFirst steps to reading : _ba parents guide / _cJane Belk Moncure. |
||
| 260 |
_aChicago : _bThe child's world, _c1990. |
||
| 300 | _a12 | ||
| 999 |
_c105844 _d105844 |
||